00354nam a2200133Ia 4500008004100000041000800041082001600049100002000065245004500085260001600130300000800146365001600154700005000170230718s9999 xx 000 0 und d aeng a621.99bELA aElanchezhian C. aDesign Of Jigs ,Fixtures And Press Tools bEswar Press a438 cRs.b245.00 aElanchezhian C.; Selwyn J. S. & Ramanath B.V.